00638nam a22002057a 4500003000900000005001700009007000300026008004100029020001800070040002500088082002400113100003300137245005600170260004800226300002000274500005600294504003200350650002400382650002600406DO-SdBNP20221207095245.0ta110301s2022 dr 000 p spa d a9798430365332 aDO-SdBNPbspacBNPHU 4aRD861.44bC965o2221 aCuevas, Julio,c1955-d1955-10aOráculo de la vida y de la muerte /cJulio Cuevas aSanto Domingo :bTiempo de nosotros,c2022  a93 p. :c23 cm. aIncluye datos biográficos del autor en la solapas aBibliografía : p. 145-167 4aPoesía dominicana 4aLiteratura dominicana